Missing Word: #1 Hits of 1980 Quiz Stats

 Plays Quiz Updated Jul 5, 2013

Support Sporcle.
Go Orange.
Score 0/13 Timer 02:00
4 Plays Today
#1 Hit Song Missing Word % Correct
Another One Bites the _____Dust
99.6%
Upside _____Down
92.9%
Call _____Me
87.8%
Escape (The Pina _____ Song)Colada
85.1%
Another _____ in the Wall, Part IIBrick
84.3%
Please _____ GoDon't
83.2%
_____ Little Thing Called LoveCrazy
75.5%
Do _____ to Me One More TimeThat
65%
It's _____ Rock and Roll to MeStill
57.9%
(Just Like) _____ OverStarting
51.5%
Woman in _____Love
48.9%
_____ with YouRock
46.6%
Coming _____Up
40.1%

Today's Daily Dose

Missing Word
'80s Musicals

Word Ladder
Hereditary

Get the Picture
Food Names

From the Vault

Find 7 Cities: Danube

by Tasi

Geography 2.5m
We're taking you on a digital river cruise.
Remove Ads.
Support Sporcle.
Get the best of Sporcle when you Go Orange. This ad-free experience offers more features, more stats, and more fun while also helping to support Sporcle. Thank you for becoming a member.

Show Comments

Extras

Top Quizzes Today


Score Distribution

Your Account Isn't Verified!

In order to create a playlist on Sporcle, you need to verify the email address you used during registration. Go to your Sporcle Settings to finish the process.

Report this User

Report this user for behavior that violates our Community Guidelines.

Details: